000 00366 a2200169 4500
001 194882
020 _a978-85-62362-54-5
040 _cMagnum
100 _aARAÚJO, Antônio de
240 1 0 _aO livro dos sorrisos
_lpor
245 1 0 _aO livro dos sorrisos
300 _a24
362 0 _a2009
440 1 _aSEDUC
697 _aLITERATURA INFANTIL
942 _cBK
999 _c194882
_d194882